| 000 | 00772cab a22001935a 4500 | ||
|---|---|---|---|
| 001 | L152349 | ||
| 008 | 110224e20111112xxk 000 0 eng d | ||
| 035 | _a(Sirsi) u152349 | ||
| 041 | 0 | _aeng | |
| 100 | 1 | _aKlammer, Marcin | |
| 245 | 0 | 0 |
_aCountry focus _bPoland |
| 260 | _c2011 | ||
| 490 |
_aBuilding _v276 (8660) 7 January 2011, 54-56(3) |
||
| 520 | _aSnapshot look at Poland comprises an overview of the economy, the property sector, international investment, construction workload, the Polish banking market, labour and materials, construction tender prices, and a table of the economy 2009, 2010 and 2011, and first quarter costs £m2 for 2010. | ||
| 651 | 4 | _aPoland | |
| 690 | _aBUILT ENVIRONMENT-CONSTRUCTION MARKET | ||
| 710 |
_aEC Harris _94930 |
||
| 942 | _n0 | ||
| 999 |
_c82944 _d82944 |
||